[Event "Ruhrgebiet Verbandsliga Gruppe 1 1516"]
[Site "Germany"]
[Date "2015.09.06"]
[Round "1.7"]
[White "Brockmann, Fabian"]
[Black "Funke, Eckhard"]
[Result "1-0"]
[WhiteElo "1958"]
[BlackElo "1757"]
[PlyCount "115"]
[EventDate "2015.09.06"]
[EventType "team-tourn"]
[EventRounds "9"]
[EventCountry "GER"]
[SourceTitle "EXT 2022"]
[Source "ChessBase"]
[SourceDate "2021.10.06"]
[SourceVersion "1"]
[SourceVersionDate "2021.10.06"]
[SourceQuality "1"]
[WhiteTeam "Dortmund Hansa III"]
[BlackTeam "Hoentrop SG"]
[WhiteTeamCountry "GER"]
[BlackTeamCountry "GER"]

1. e4 d5 2. exd5 Qxd5 3. Nc3 Qd6 4. g3 Nf6 5. Bg2 c6 6. Nge2 Bf5 7. d3 e6 8. Rb1 Qc7 9. 0-0 Bd6 10. b4 Nbd7 11. b5 c5 12. Bb2 0-0 13. Ne4 Bxe4 14. dxe4 Be5 15. Qc1 Bxb2 16. Rxb2 c4 17. h3 Nc5 18. Qe3 e5 19. f4 Na4 20. Rb4 Qb6 21. Qxb6 Nxb6 22. a4 a5 23. bxa6 Rxa6 24. a5 Nbd7 25. Rxc4 Rxa5 26. Rb1 b6 27. Nc3 Rc5 28. Rxc5 bxc5 29. Rb7 Rd8 30. Bf1 exf4 31. gxf4 Nh5 32. Bb5 Nf8 33. Nd5 Ng3 34. Bd3 c4 35. Bxc4 Nxe4 36. Ne7+ Kh8 37. Nf5 Ne6 38. Rxf7 Nxf4 39. Bf1 g6 40. Nh6 Nh5 41. Re7 Nd6 42. Kf2 Rf8+ 43. Ke1 Nf5 44. Nxf5 Rxf5 45. c4 Rc5 46. Kd2 Ng3 47. Bd3 Kg8 48. Kc3 Rh5 49. Kb4 Kf8 50. Ra7 Rxh3 51. c5 Nf5 52. Bc4 Ke8 53. c6 Nd6 54. Ba6 Rh5 55. Rd7 Rd5 56. Rxh7 g5 57. c7 g4 58. Rh6 1-0

[Event "Ruhrgebiet VK1 1112"]
[Site "Nordrheinwestfalen"]
[Date "2012.03.25"]
[Round "8.7"]
[White "Funke, Eckhard"]
[Black "Schmitz, Martin"]
[Result "1/2-1/2"]
[WhiteElo "1865"]
[BlackElo "1945"]
[PlyCount "45"]
[EventDate "2012.09.18"]
[EventType "team-tourn"]
[EventRounds "9"]
[EventCountry "GER"]
[SourceTitle "EXT 2020"]
[Source "ChessBase"]
[SourceDate "2019.10.17"]
[SourceVersion "1"]
[SourceVersionDate "2019.10.17"]
[SourceQuality "1"]
[WhiteTeam "Hoentrop SG"]
[BlackTeam "Dortmund FS 98"]
[WhiteTeamCountry "GER"]
[BlackTeamCountry "GER"]

1. d4 Nf6 2. c4 e6 3. Bg5 Bb4+ 4. Nd2 h6 5. a3 Bxd2+ 6. Bxd2 Ne4 7. h4 c5 8. Qc2 Nxd2 9. Qxd2 cxd4 10. Qxd4 0-0 11. Nf3 Nc6 12. Qc3 Qe7 13. g3 d5 14. Bg2 dxc4 15. Qxc4 e5 16. 0-0 Bf5 17. Rac1 Rac8 18. Qc5 Qf6 19. Qe3 Rfd8 20. b4 a6 21. Nd2 Qd6 22. Nc4 Qd4 23. Bxc6 1/2-1/2

[Event "Ruhrgebiet VK1 1112"]
[Site "Nordrheinwestfalen"]
[Date "2012.03.04"]
[Round "7"]
[White "Funke, Eckhard"]
[Black "Grundmann, Wolfgang"]
[Result "1-0"]
[WhiteElo "1865"]
[BlackElo "1730"]
[PlyCount "51"]
[EventDate "2012.09.18"]
[EventType "team-tourn"]
[EventRounds "9"]
[EventCountry "GER"]
[SourceTitle "EXT 2020"]
[Source "ChessBase"]
[SourceDate "2019.10.17"]
[SourceVersion "1"]
[SourceVersionDate "2019.10.17"]
[SourceQuality "1"]
[WhiteTeam "Hoentrop SG"]
[BlackTeam "Kamen SV II"]
[WhiteTeamCountry "GER"]
[BlackTeamCountry "GER"]

1. d4 d5 2. c4 e6 3. Nc3 Nf6 4. Bg5 Be7 5. e3 0-0 6. Nf3 Nc6 7. Rc1 a6 8. a3 Na7 9. Qc2 c6 10. Bd3 dxc4 11. Bxc4 Nd5 12. Bxe7 Qxe7 13. Bd3 h6 14. 0-0 Nb5 15. Na4 Rd8 16. Ne5 Rb8 17. Bh7+ Kh8 18. Bg6 f5 19. Nf7+ Kg8 20. Nxd8 Qxd8 21. Bh5 Qg5 22. Bf3 Nf6 23. Nb6 Nd6 24. Qc5 Nde4 25. Bxe4 Nxe4 26. Qe5 1-0

[Event "Ruhrgebiet VK3 0304"]
[Site "Ruhrgebiet"]
[Date "2004.01.11"]
[Round "5.3"]
[White "Funke, Eckhard"]
[Black "Ribbeheger, Edgar"]
[Result "1/2-1/2"]
[WhiteElo "1903"]
[BlackElo "1994"]
[PlyCount "95"]
[EventDate "2003.09.28"]
[EventType "team"]
[EventRounds "9"]
[EventCountry "GER"]
[SourceTitle "EXT 2007"]
[Source "ChessBase"]
[SourceDate "2006.11.23"]
[SourceVersion "1"]
[SourceVersionDate "2006.11.23"]
[SourceQuality "1"]
[WhiteTeam "Hoentrop SG"]
[BlackTeam "Haltern"]
[WhiteTeamCountry "GER"]
[BlackTeamCountry "GER"]

1. d4 Nf6 2. c4 g6 3. Nc3 Bg7 4. Nf3 0-0 5. e3 d6 6. Be2 Nbd7 7. 0-0 e5 8. dxe5 dxe5 9. Qc2 c6 10. e4 Qc7 11. h3 Re8 12. Be3 b6 13. b4 Nf8 14. c5 Ne6 15. cxb6 axb6 16. Rfc1 Qb8 17. Na4 Nd4 18. Nxd4 exd4 19. Bxd4 Ng4 20. Bxg4 Bxd4 21. Bxc8 Qxc8 22. Nc3 Qe6 23. Rab1 Ra3 24. Rb3 Rea8 25. Qd3 Qf6 26. Qf3 Qd6 27. Ne2 Rxa2 28. Nxd4 Qxd4 29. Rxc6 Rxf2 30. Rd3 Ra1+ 31. Kh2 Qe5+ 32. Qg3 Qb2 33. Rd8+ Kg7 34. Qc3+ Qxc3 35. Rxc3 Raa2 36. Kg3 Rxg2+ 37. Kf4 Rgb2 38. Rc4 Ra4 39. Rc7 Rbxb4 40. Re8 g5+ 41. Kf5 Ra5+ 42. Kg4 Rb1 43. Ree7 Rg1+ 44. Kh5 g4+ 45. Kh4 gxh3 46. Rxf7+ Kg8 47. Rfd7 Rf1 48. Rg7+ 1/2-1/2

[Event "Ruhrgebiet VL2 0001"]
[Site "Ruhrgebiet"]
[Date "2001.02.18"]
[Round "6"]
[White "Funke, Eckhard"]
[Black "Nachbar, Benjamin"]
[Result "0-1"]
[WhiteElo "1870"]
[BlackElo "2031"]
[PlyCount "42"]
[EventDate "2000.09.17"]
[EventType "team-tourn"]
[EventRounds "9"]
[EventCountry "GER"]
[SourceTitle "EXT 2023"]
[Source "ChessBase"]
[SourceDate "2022.10.05"]
[SourceVersion "1"]
[SourceVersionDate "2022.10.05"]
[SourceQuality "1"]
[WhiteTeam "Hoentrop SG"]
[BlackTeam "Dortmund Hansa III"]
[WhiteTeamCountry "GER"]
[BlackTeamCountry "GER"]

1. d4 Nf6 2. c4 g6 3. Nc3 d5 4. e3 Bg7 5. Nf3 c5 6. dxc5 Qa5 7. Qa4+ Qxa4 8. Nxa4 0-0 9. Bd2 Bd7 10. Nc3 dxc4 11. Bxc4 Rc8 12. Ne5 e6 13. Nd3 a5 14. Bb5 Na6 15. Bxa6 Rxa6 16. a4 Bf8 17. Nb5 Ne4 18. f3 Nxc5 19. Nxc5 Rxc5 20. b4 axb4 21. Bxb4 Rxb5 0-1

[Event "Ruhrgebiet VL2 0001"]
[Site "Ruhrgebiet"]
[Date "2000.12.03"]
[Round "4"]
[White "Spiess, Timo"]
[Black "Funke, Eckhard"]
[Result "1/2-1/2"]
[WhiteElo "2042"]
[BlackElo "1870"]
[PlyCount "63"]
[EventDate "2000.09.17"]
[EventType "team-tourn"]
[EventRounds "9"]
[EventCountry "GER"]
[SourceTitle "EXT 2023"]
[Source "ChessBase"]
[SourceDate "2022.10.05"]
[SourceVersion "1"]
[SourceVersionDate "2022.10.05"]
[SourceQuality "1"]
[WhiteTeam "Bochum SV"]
[BlackTeam "Hoentrop SG"]
[WhiteTeamCountry "GER"]
[BlackTeamCountry "GER"]

1. e4 c5 2. Nf3 a6 3. c3 d6 4. d4 cxd4 5. cxd4 Nf6 6. Nc3 g6 7. Bd3 Bg7 8. 0-0 0-0 9. h3 Nc6 10. Qe2 Nb4 11. Bb1 Bd7 12. Bg5 h6 13. Bh4 Kh7 14. Rd1 Qe8 15. a3 Nc6 16. e5 dxe5 17. dxe5 Ng8 18. Nd5 Rc8 19. Nb6 Rd8 20. Nxd7 Rxd7 21. Ba2 e6 22. Rxd7 Qxd7 23. b4 Nxe5 24. Nxe5 Qd4 25. Rd1 Qxh4 26. Rd7 Qf4 27. Nc4 b5 28. Nd2 Nf6 29. Ra7 Rd8 30. Nf1 Nd5 31. Bxd5 Rxd5 32. g3 1/2-1/2

[Event "Ruhrgebiet VL2 0001"]
[Site "Ruhrgebiet"]
[Date "2000.11.19"]
[Round "3"]
[White "Hufelschulte, Norbert"]
[Black "Funke, Eckhard"]
[Result "1-0"]
[WhiteElo "2074"]
[BlackElo "1870"]
[PlyCount "135"]
[EventDate "2000.09.17"]
[EventType "team-tourn"]
[EventRounds "9"]
[EventCountry "GER"]
[SourceTitle "EXT 2023"]
[Source "ChessBase"]
[SourceDate "2022.10.05"]
[SourceVersion "1"]
[SourceVersionDate "2022.10.05"]
[SourceQuality "1"]
[WhiteTeam "Hamm SV"]
[BlackTeam "Hoentrop SG"]
[WhiteTeamCountry "GER"]
[BlackTeamCountry "GER"]

1. d4 d5 2. Nf3 Nf6 3. e3 e6 4. Bd3 c5 5. c3 Bd6 6. 0-0 0-0 7. Nbd2 b6 8. e4 c4 9. Bc2 dxe4 10. Nxe4 Nd5 11. Ne5 b5 12. Qh5 f5 13. Nxd6 Qxd6 14. a4 Nd7 15. Re1 Nxe5 16. dxe5 Qd7 17. axb5 Qxb5 18. Qe2 Bb7 19. b3 Nxc3 20. Qxc4 Qc6 21. Qxc6 Bxc6 22. Be3 a6 23. Bd3 Bb5 24. Bxb5 axb5 25. Kf1 Nd5 26. Bc5 Rfc8 27. b4 Ra4 28. Rxa4 bxa4 29. Ra1 Ra8 30. Ke1 Kf7 31. Kd2 Ke8 32. g3 Kd7 33. Kd3 Kc6 34. Kc4 Nb6+ 35. Bxb6 Kxb6 36. b5 a3 37. Ra2 Ra4+ 38. Kb3 Kxb5 39. f4 Rb4+ 40. Kc3 Ka4 41. Rd2 Rb3+ 42. Kc4 Rb2 43. Rd7 Rc2+ 44. Kd3 Rc5 45. Kd4 Rc1 46. Ra7+ Kb3 47. Rb7+ Kc2 48. Rc7+ Kb2 49. Rb7+ Ka1 50. Rxg7 a2 51. Rxh7 Kb2 52. Ra7 Rc2 53. h3 Rg2 54. Rh7 Kc1 55. Ra7 Kb1 56. Rb7+ Rb2 57. Ra7 Rb3 58. g4 Rf3 59. gxf5 Rxf4+ 60. Kc5 exf5 61. Rb7+ Kc2 62. Ra7 Kb3 63. e6 Re4 64. Kd6 Kb2 65. Rb7+ Kc3 66. Ra7 Re2 67. e7 Kd3 68. Rxa2 1-0